Przetłumacz na angielski Poziom A2 - Statystyki

Ogólne statystyki
  • Ten quiz został rozwiązany 2 821 razy
  • Średni wynik to 16 z 20
Statystyki odpowiedzi
Hint Odpowiedź % Poprawnych
samochód car
98%
smutny sad
94%
krowa cow
93%
informacja information
92%
obudzić się wake up
91%
restauracja restaurant
90%
dziewiętnaście nineteen
88%
pod (czymś) under
88%
wyspa island
87%
wiadomość message
84%
koszulka shirt
84%
ściana wall
83%
łódź boat
82%
za (czymś) behind
79%
wieża tower
76%
dach roof
73%
srebro silver
72%
koza goat
71%
ręcznik towel
65%
koc blanket
49%
Nie znaleziono quizów pasujących do podanych kryteriów
Rozkład punktacji
Procent ludzi z każdym wynikiem
Percentyl według liczby udzielonych odpowiedzi
Twoja historia wyników
Nie rozwiązałeś tego quizu